Commentary illustrating the poetic of Aristotle: By examples taken chiefly from the modren poets to which is prefixed, a new and corrected (Record no. 11338)

MARC details
000 -LEADER
fixed length control field 00540nam a2200169Ia 4500
008 - FIXED-LENGTH DATA ELEMENTS--GENERAL INFORMATION
fixed length control field 230917s9999||||xx |||||||||||||| ||und||
020 ## - ISBN
Price RS2240
040 ## - CATALOGING SOURCE
-- 216024
Original cataloging agency VIVEKANANDA LIBRARY
041 ## - Language
-- English
082 ## - DDC NUMBER
Classification number 801.95 A46C
100 ## - MAIN ENTRY--PERSONAL NAME
Personal name Aristotle
245 #0 - TITLE STATEMENT
Title Commentary illustrating the poetic of Aristotle: By examples taken chiefly from the modren poets to which is prefixed, a new and corrected
260 ## - PUBLICATION, DISTRIBUTION, ETC. (IMPRINT)
Place of publication, distribution, etc London
Name of publisher, distributor, etc General Books
Date of publication, distribution, etc 2010
300 ## - PHYSICAL DESCRIPTION
Pages 281 p.
500 ## - GENERAL NOTE
General note 1539 07/05/2014 KB165 09/08/2014 Main Budget
942 ## - ADDED ENTRY ELEMENTS (KOHA)
Koha item type Books
Holdings
Withdrawn status Lost status Damaged status Not for loan Location (home branch) Sublocation or collection (holding branch) Date acquired Koha issues (times borrowed) Koha full call number Accession No. Koha date last seen Koha item type
        VIVEKANANDA LIBRARY VIVEKANANDA LIBRARY 30/09/2014   801.95 A46C 307715 17/09/2023 Books
© Designed and Maintained by Vivekananda Library, MDU Rohtak